000 02628cam a2200565 a 4500
005 20240619121459.0
008 100804s2001||||sp a f |||| 00| 0 spa d
020 _a9788481745057
041 _aspa
092 _c574.8
_l50
_sLUQ
100 1 _aLuque Cabrera, José.
_91039
245 _aTexto ilustrado de Biología Molecular e Ingeniería Genética.
_bConceptos, técnicas y aplicaciones en Ciencias de la Salud /
_cJosé Luque Cabrera.
250 _a1a ed.
260 _aMadrid:
_bHarcourt;
_c2001.
300 _a469 p.
_bil.
500 _aLuque Cabrera, J. y Herráez Sánchez, A. (2001). Texto ilustrado de biología molecular e ingeniería genética. Conceptos, técnicas y aplicaciones en ciencias de la salud. (1a ed.). Madrid : Harcourt.
653 _aIntroducción y aspectos generales en eucariotas
653 _aComponentes fundamentales de los ácidos nucleicos
653 _aNucleósidos y nucleótidos
653 _aEstructura primaria de ácidos nucleicos
653 _aEstructura secundaria del B-DNA
653 _aVariaciones en la estructura del DNA
653 _aEstructuras de orden superior de DNA y RNA
653 _aCondensación del DNA y cromosomas
653 _aCiclo celular
653 _aOrganización del genoma eucariótico
653 _aPreparación de muestras, extracción y análisis de ácidos nucleicos
653 _aReplicación del DNA
653 _aHibridación de los ácidos nucleicos: fundamentos y métodos de ensayo
653 _aPreparación y marcaje de sondas para hibridación
653 _aClonación acelular: reacción en cadena de la polimerasa (PCR)
653 _aClonación celular: tecnología del DNA recombinante
653 _aGenómica. Obtención de los mapas genético y físico del genoma
653 _aSecuenciación del genoma y proyectos Genoma
653 _aTranscripción
653 _aExpresión génica: pretranscripcional y transcripcional
653 _aMaduración del RNA o procesamiento postranscripcional
653 _aCódigo genético
653 _aSíntesis de proteínas: traducción
653 _aModificaciones postraduccionales
653 _aBases moleculares de la mutación y la reparación del DNA
653 _aDiversidad del genoma: polimorfismos
653 _aAnálisis de genes. Detección y aplicaciones de los polimorfismos
653 _aEnfermedades moleculares: enfermedades monogénicas
653 _aEnfermedades cromosómicas y citogenéticas
653 _aBases molecualres del cáncer
700 1 _aHerráez Sánchez, Ángel.
_91040
930 _a1215
942 _2ddc
_cBK
999 _c534
_d534